|
|
|
|
| LEADER |
01894nam a2200529 i 4500 |
| 001 |
001580665 |
| 003 |
CZ BrMZK |
| 005 |
20170622102821.0 |
| 007 |
ta |
| 008 |
170614s1948 xr g 000 f cze |
| 015 |
|
|
|a cnb000673978
|
| 020 |
|
|
|q (Vázáno)
|
| 035 |
|
|
|a (OCoLC)85432106
|
| 040 |
|
|
|a BOA001
|b cze
|e rda
|
| 041 |
1 |
|
|a cze
|h rus
|
| 043 |
|
|
|a e-fr---
|
| 045 |
|
|
|a x3x4
|
| 072 |
|
7 |
|a 821.161.1
|x Ruská literatura
|2 Konspekt
|9 25
|
| 080 |
|
|
|a 821.161.1-31
|2 MRF
|
| 080 |
|
|
|a 328/329
|2 MRF
|
| 080 |
|
|
|a 323
|2 MRF
|
| 080 |
|
|
|a (44)
|2 MRF
|
| 080 |
|
|
|a (0:82-311.6)
|2 MRF
|
| 100 |
1 |
|
|a Èrenburg, Il‘ja Grigor‘jevič,
|d 1891-1967
|7 jn19990210194
|4 aut
|
| 240 |
1 |
0 |
|a Padenije Pariža.
|l Česky
|
| 245 |
1 |
0 |
|a Pád Paříže :
|b román /
|c Ilja Erenburg ; přeložila Raisa Novotná
|
| 264 |
|
1 |
|a V Praze :
|b Práce,
|c 1948
|
| 300 |
|
|
|a 498 stran ;
|c 21 cm
|
| 336 |
|
|
|a text
|b txt
|2 rdacontent
|
| 337 |
|
|
|a bez média
|b n
|2 rdamedia
|
| 338 |
|
|
|a svazek
|b nc
|2 rdacarrier
|
| 490 |
1 |
|
|a ROD ;
|v mimořádný výroční tisk ročníku 1948
|
| 500 |
|
|
|a Přeloženo z ruštiny
|
| 500 |
|
|
|a Dostupné též v digitální podobě v aplikaci Kramerius
|
| 648 |
|
4 |
|a 1935-1941
|
| 648 |
|
7 |
|a 20. století
|7 ch460558
|2 czenas
|
| 651 |
|
7 |
|a Francie
|7 ge129152
|x politika a vláda
|y 20. století
|2 czenas
|
| 651 |
|
7 |
|a Francie
|7 ge129152
|x společnost a politika
|y 20. století
|2 czenas
|
| 655 |
|
7 |
|a ruské romány
|7 fd133320
|2 czenas
|
| 655 |
|
7 |
|a politické romány
|7 fd133064
|2 czenas
|
| 700 |
1 |
|
|a Novotná, Raisa,
|d 1919-
|7 jk01090626
|4 trl
|
| 830 |
|
0 |
|a ROD (Práce)
|0 s
|
| 856 |
4 |
1 |
|u http://www.digitalniknihovna.cz/mzk/uuid/uuid:564511c0-7cc8-11e7-b92d-005056827e51
|y Digitalizovaný dokument
|x NDK
|
| 910 |
|
|
|a BOA001
|b 2-1391.243
|
| 990 |
|
|
|a BK
|
| 991 |
|
|
|b 201706
|c NOV
|
| 996 |
6 |
|
|b 2610710779
|c 2-1391.243
|l MZK
|r Sklad / do 1 hodiny
|n 0
|p dar
|w 001616376
|u 000010
|a 1
|e BOA001
|j MZK50
|s P
|